|
|
|
|
| LEADER |
00000cam a2200000 7i4500 |
| 001 |
0000081448 |
| 005 |
20110212.0 |
| 008 |
110212 bm |
| 020 |
|
|
|a 9678600080
|
| 090 |
0 |
0 |
|a BF SIR
|
| 100 |
0 |
|
|a Mohd Tajuddin Haji Abdul Rahman
|
| 245 |
1 |
0 |
|a Jaguh Yang Tewas
|c Mohd Tajuddin Haji Abdul Rahman
|
| 260 |
|
|
|a K.L :
|b Karya Bistari ,
|c 1985
|
| 300 |
|
|
|a 53p :
|b ill. ;
|c 21cm.
|
| 440 |
|
0 |
|a Siri Sastera Remaja Bistari
|
| 650 |
0 |
0 |
|a Youth Fiction.Malay
|
| 999 |
|
|
|a 0000327375
|b Buku
|c Rak Terbuka
|e Perpustakaan Sekolah Henrey Gurney
|
| 999 |
|
|
|a 0000327376
|b Buku
|c Rak Terbuka
|e Perpustakaan Cawangan Jasin
|